=LDR 00000nam 2200000 4500 =001 INLIS000000000036157 =005 20130612141947 =008 ***********************************Ind** =035 ##$$0010-061300000036157 =041 ##$$a Ind =082 ##$$a F Rom K =090 ##$$a F Rom K, Her t =100 ##$$a Herman, Gail =245 ##$$a The pixie mix-up, kekacauan peri, Gail Herman =260 ##$$a 2009 $b Jakarta =300 ##$$a 24 hlm, ilus, 29 cm =650 ##$$a Fiksi =850 ##$$a NBPNMAT =990 ##$$a 0001/BPAP-NTB/2016